000 00525nam a2200217Ia 4500
003 OSt
005 20220924135017.0
006 a|||||r|||| 00| 0
007 ta
008 220923b |||||||| |||| 00| 0 ben d
024 _a288285
037 _cTextual
040 _aARTS
_cARTS
_bben
041 _2ben
_aben
082 _aDelta25, 157G5
100 _aBivekananda
_9209683
245 0 _aBhaktiyog
260 _c1935
942 _hDelta25, 157G5
_cTEXL
_2CC
999 _c439471
_d439471